Fundamentals of financial accounting. / (Record no. 1327)
[ view plain ]
| 000 -LEADER | |
|---|---|
| fixed length control field | 01203nam a22001697a 4500 |
| 008 - FIXED-LENGTH DATA ELEMENTS--GENERAL INFORMATION | |
| fixed length control field | 120614t xxu||||| |||| 00| 0 eng d |
| 020 ## - INTERNATIONAL STANDARD BOOK NUMBER | |
| International Standard Book Number | 0471881503 |
| 050 ## - LIBRARY OF CONGRESS CALL NUMBER | |
| Classification number | HF5681.B2 T73 |
| 100 ## - MAIN ENTRY--PERSONAL NAME | |
| Personal name | Tracy, John A. |
| 245 ## - TITLE STATEMENT | |
| Title | Fundamentals of financial accounting. / |
| Statement of responsibility, etc. | John A. Tracy |
| 260 ## - PUBLICATION, DISTRIBUTION, ETC. | |
| Place of publication, distribution, etc. | New York: |
| Name of publisher, distributor, etc. | John Wiley and Sons, Inc., |
| Date of publication, distribution, etc. | c1974. |
| 300 ## - PHYSICAL DESCRIPTION | |
| Extent | xi, 619 p.: |
| Other physical details | ill.; |
| Dimensions | 24cm. |
| 500 ## - GENERAL NOTE | |
| General note | Includes index. |
| 505 ## - FORMATTED CONTENTS NOTE | |
| Formatted contents note | Contents: Nature and uses of financial statements -- Basic transactions and tools of financial accounting -- The Accounting recordkeeping cycle -- Preparing financial financial statements from accounts introduction -- Receivables and revenue -- Inventories and cost of goods sold expense -- Fixed assets and depreciation expense -- Other assets and other expense -- Liabilities and interest expense -- Legal organization of business enterprise: the corporation -- Reporting net income and stockholders' equity -- Interpretation of financial statements -- Principles, concepts, and limitations of financial statement accounting -- Income taxation -- Financial statements and footnotes from caterpillar's 1970 annual report. |
| 650 ## - SUBJECT ADDED ENTRY--TOPICAL TERM | |
| Topical term following geographic name entry element | Financial statements. |
| 942 ## - ADDED ENTRY ELEMENTS (KOHA) | |
| Source of classification or shelving scheme | Library of Congress Classification |
| Koha item type | Books |
| Withdrawn status | Lost status | Source of classification or shelving scheme | Damaged status | Not for loan | Home library | Current library | Shelving location | Date acquired | Total Checkouts | Full call number | Barcode | Date last seen | Price effective from | Koha item type |
|---|---|---|---|---|---|---|---|---|---|---|---|---|---|---|
| Library of Congress Classification | WISCONSIN INTERNATIONAL UNIVERSITY COLLEGE, GHANA - MAIN LIBRARY | WISCONSIN INTERNATIONAL UNIVERSITY COLLEGE, GHANA - MAIN LIBRARY | General Stacks | 14/06/2012 | HF5681.B2 T73 | 3094/12 | 14/06/2012 | 14/06/2012 | Books |
